000 00450cam a2200181ua 4500
020 _a81-86321-26-8
_c120.00
041 _aeng
_h
082 _a670
_bVAI/DE
100 _aVaishwana, R.S .
245 _aDesign and manufacturing /
_cR.S.Vaishwana.
_hTextual Documents
250 _a1 /
_b.
260 _aNew Delhi :
_bJain Brothers ,
_c2001.
300 _a376 ; .
365 _a120.00
504 _a
942 _cBK
999 _c1593
_d1593